000 011880000a22002650004500
003 EG-GiCUC
008 081119s2002 ua a g 000 0 ara d
040 _aEG-GiCUC
_bara
_cEG-GiCUC
041 0 _aara
_aeng
043 _af*ua***
092 0 4 _a361.962
_bT175
_221
099 _a04
_a361.962 T175
245 0 0 _aتقرير عن الاهداف التنموية للالفية على المستوى القطرى :
_bمصر/
_cاعداد مركز دراسات واستشارات الادارة العامة بجامعة القاهرة
246 1 3 _aReporting on the millennium development goals at the country level,Egypt
260 _aالقاهرة:
_bمكتب المنسق المقيم لهيئة الامم المتحدة:
_c2002
300 _a44:39ص:
_bايض؛
_c28سم
546 _aالنص باللغتين العربية و الانجليزية
651 7 _aمصر
_xالتنمية الاجتماعية
_2qrmak
651 7 _aمصر
_xالتنمية الاقتصادية
_2qrmak
902 _a1
905 _aجيهان
_eمراجع
905 _aمنى
_eمدخل
942 _2ddc
_cBK
999 _c111106
_d111106